000
00277nam a2200097Ia 4500
008
180116s9999 xx 000 0 und d
020
_a
9780415895323
245
_c
Lea Prevel Katsanis
_a
Global Issues in Pharmacuetical Marketing
260
_b
Routledge
_c
2016
300
_a
178 pages
999
_c
353252
_d
353252